| 000 | 00785nam a2200205 i 4500 | ||
|---|---|---|---|
| 001 | 78161 | ||
| 003 | ES-MaACL | ||
| 005 | 20231228195827.0 | ||
| 007 | t| | ||
| 008 | 041011s1915 sp ||||1| spa d | ||
| 100 | 1 |
_aHanotaux, Gabriel. _961744 |
|
| 245 | 1 | 0 |
_aHistoria ilustrada de la Guerra de 1914 / _cGabriel Hanotaux ; traducción de Luis Ruiz Contreras ; prólogo de Miguel de Unamuno. |
| 260 |
_aMadrid : _bSociedad General Española de Librería, Diarios, Revistas y Publicaciones, _c1915 ( _fJulián Palacios) |
||
| 300 |
_a2 t. en 1 v. : _bil. ; _c33 cm. |
||
| 650 | 4 |
_aGuerra mundial, 1914-1918. _913212 |
|
| 700 | 1 |
_aRuiz Contreras, Luis, _d1863-1953 _9100711 |
|
| 700 | 1 |
_aUnamuno, Miguel de, _d1864-1936 _9111982 |
|
| 852 |
_aES-MaACL _jE-8777 |
||
| 999 |
_c78161 _d78161 |
||